000 00727nam a2200229 a 4500
001 13284
003 BD-JhCC
005 20230808112603.0
008 230808b2011 bg |||| ||a| 000 0 ben d
020 _a9789848933862
035 _a(BD-JhCC)13284
040 _aBD-JhCC
_dBD-JhCC
041 _abengali
082 _a082
_bMIA 2011
100 _aমিয়া, মো. আ. ছালাম
245 _aপরশ কথা:
_bনীতি কথার সংকলন /
_cমো. আ. ছালাম মিয়া (হুমায়ন)
260 _aঢাকা:
_bজ্ঞানকোষ প্রকাশনী;
_c2011.
300 _a607 p. :
_c22 cm.
650 _a Quotes
942 _2ddc
_cBK
999 _c13284
_d13284